Statistics for Women Tennis Players by Picture

Click here to take the quiz!

General Stats

  • This quiz has been taken 55 times
  • The average score is 13 of 20

Answer Stats

Answer% Correct
Serena Williams
96%
Venus Williams
87%
Steffi Graf
85%
Martina Navratilova
81%
Maria Sharapova
79%
Billie Jean King
77%
Monica Seles
75%
Justine Henin
73%
Kim Clijsters
73%
Martina Hingis
71%
Caroline Wozniacki
65%
Victoria Azarenka
63%
Chris Evert
60%
Margaret Court
60%
Amélie Mauresmo
58%
Lindsay Davenport
56%
Svetlana Kuznetsova
52%
Jennifer Capriati
48%
Mary Pierce
46%
Arantxa Sanchez
44%

Score Distribution

Percentile by Number Answered

Percent of People with Each Score

Your Score History

You have not taken this quiz